Ballon d'Or 2013 - Statistiken

Allgemein
  • Dieses Quiz wurde 362 mal gespielt
  • Das Durchschnittsergebnis liegt bei 21 aus 23
Antwortstatistiken
Platz Antwort Verein/e Nation Stimmenanteil % Korrekt
1. Cristiano Ronaldo Real Madrid Portugal 27,99%
100%
2. Lionel Messi FC Barcelona Argentinien 24,72%
100%
5. Neymar FC Santos/FC Barcelona Brasilien 3,17%
100%
3. Franck Ribery FC Bayern München Frankreich 23,39%
99%
4. Zlatan Ibrahimovic Paris Saint-Germain Schweden 5,29%
99%
6. Andrés Iniesta FC Barcelona Spanien 2,08%
98%
8. Arjen Robben FC Bayern München Niederlande 1,74%
98%
10. Gareth Bale Tottenham Hotspur/Real Madrid Wales 1,33%
97%
13. Robert Lewandowski Borussia Dortmund Polen 0,88%
97%
18. Luis Suárez FC Liverpool Uruguay 0,39%
96%
16. Mesut Özil Real Madrid/FC Arsenal Deutschland 0,72%
96%
23. Manuel Neuer FC Bayern München Deutschland 0,08%
95%
14. Xavi FC Barcelona Spanien 0,82%
95%
14. Philipp Lahm FC Bayern München Deutschland 0,82%
93%
20. Edinson Cavani SSC Neapel/Paris Saint-Germain Uruguay 0,25%
92%
19. Thomas Müller FC Bayern München Deutschland 0,37%
91%
12. Yaya Touré Manchester City Elfenbeinküste 0,99%
90%
17. Bastian Schweinsteiger FC Bayern München Deutschland 0,43%
88%
22. Eden Hazard FC Chelsea Belgien 0,16%
88%
7. Robin van Persie Manchester United Niederlande 1,81%
85%
11. Falcao Atletico Madrid/AS Monaco Kolumbien 1,09%
84%
20. Thiago Silva Paris Saint-Germain Brasilien 0,25%
74%
9. Andrea Pirlo Juventus Turin Italien 1,44%
72%
Keine übereinstimmenden Quizze gefunden
Verteilung der Resultate
Anzahl Personen mit jedem Resultat
Perzentil nach korrekt beantworteten Fragen
Ihre Resultats-Entwicklung
Sie haben dieses Quiz noch nicht gespielt